Reading, bk. 2 : (Record no. 101942)
[ view plain ]
| 000 -LEADER | |
|---|---|
| fixed length control field | 00593nam a2200157 a 4500 |
| 005 - DATE AND TIME OF LATEST TRANSACTION | |
| control field | 20140412111222.0 |
| 008 - FIXED-LENGTH DATA ELEMENTS--GENERAL INFORMATION | |
| fixed length control field | 020530s19uu xx 00 eng d |
| 050 ## - LIBRARY OF CONGRESS CALL NUMBER | |
| Classification number | TR(GS 372.4 |
| Item number | A35 1987 |
| 100 ## - MAIN ENTRY--PERSONAL NAME | |
| Personal name | Amerikaner, Susan |
| 245 ## - TITLE STATEMENT | |
| Title | Reading, bk. 2 : |
| Remainder of title | to develop your child's gift and talents / |
| Statement of responsibility, etc | written by Susan Amerikaner ; edited by Amy C. Sheilds ; illustrated by Leesa Whitten. |
| 260 ## - PUBLICATION, DISTRIBUTION, ETC. (IMPRINT) | |
| Place of publication, distribution, etc | New York : |
| Name of publisher, distributor, etc | Playmore, Inc. |
| 440 ## - SERIES STATEMENT/ADDED ENTRY--TITLE | |
| Title | Gifted & Talented Workbooks, ages 4-6 |
| 650 ## - SUBJECT ADDED ENTRY--TOPICAL TERM | |
| Topical term or geographic name as entry element | Reading |
| General subdivision | Study and teaching |
| 650 ## - SUBJECT ADDED ENTRY--TOPICAL TERM | |
| Topical term or geographic name as entry element | Reading, ages 4-6 |
| General subdivision | Study and teaching |
| Withdrawn status | Lost status | Damaged status | Home library | Current library | Shelving location | Date acquired | Source of acquisition | Total Checkouts | Full call number | Barcode | Date last seen | Price effective from | Koha item type |
|---|---|---|---|---|---|---|---|---|---|---|---|---|---|
| Elizalde Library | Elizalde Library | Teachers Reference Section | 05/30/2002 | TR(GS 372.4 A35 1987 | E0136 | 04/12/2014 | 04/12/2014 | Books |